| 000 | 00691nam a22002537a 4500 | ||
|---|---|---|---|
| 003 | UA-OsUOA | ||
| 001 | 27248 | ||
| 007 | ta | ||
| 008 | 20040623b un ||||| |||| 00| 0 ukr d | ||
| 100 | _aМалиновський Б.Н. | ||
| 090 |
_a681.3(477) _bМ20 |
||
| 942 | _cBK | ||
| 040 |
_aUA-OsUOA _bukr _cUA-OsUOA _dUA-OsUOA |
||
| 245 | _aВідоме і невідоме в історії інформаційних технологій в Україні | ||
| 300 | _a214 с. | ||
| 955 | _a0 | ||
| 041 | _aukr | ||
| 080 | _a681.3(477) | ||
| 020 | _a966-02-2121-5 | ||
| 260 |
_aКиїв _bАкадемперіодика _c2001 |
||
| 044 | _aUA | ||
| 650 | 7 | _2UDC | |
| 999 |
_c313592 _d313592 |
||